[Event "SVK-chT2C 2324"]
[Site "Slovakia"]
[Date "2023.11.12"]
[Round "4.7"]
[White "Szakal, Bartolomej"]
[Black "Devera, Simon"]
[Result "1-0"]
[WhiteElo "1750"]
[BlackElo "1871"]
[PlyCount "89"]
[EventDate "2023.10.07"]
[EventType "team-tourn"]
[EventRounds "11"]
[EventCountry "SVK"]
[SourceTitle "EXT 2025"]
[Source "ChessBase"]
[SourceDate "2024.10.14"]
[SourceVersion "1"]
[SourceVersionDate "2024.10.14"]
[SourceQuality "1"]
[WhiteTeam "Detva"]
[BlackTeam "Zilina Mladost II"]
[WhiteTeamCountry "SVK"]
[BlackTeamCountry "SVK"]

1. d4 Nf6 2. c4 e6 3. Nc3 Bb4 4. Bg5 h6 5. Bxf6 Qxf6 6. Nf3 c5 7. e3 0-0 8. Be2 d5 9. cxd5 exd5 10. 0-0 Bxc3 11. bxc3 c4 12. Ne5 Nc6 13. Bf3 Rd8 14. Nxc6 Qxc6 15. Qc2 Re8 16. Rfe1 f5 17. a4 b6 18. Qb2 a5 19. Reb1 Rb8 20. Qb5 Bb7 21. Qxb6 Red8 22. Qxa5 Ba8 23. Rb5 Rbc8 24. Rab1 Qe6 25. Rc5 Rb8 26. Rxb8 Rxb8 27. g3 f4 28. Qxa8 Rxa8 29. Bxd5 Qxd5 30. Rxd5 fxe3 31. fxe3 Rxa4 32. Rc5 Kf7 33. Kf2 Ke6 34. Kf3 Kd6 35. e4 g5 36. Kg4 Ra2 37. h3 Re2 38. e5+ Ke6 39. Rxc4 Re3 40. Rc6+ Kd5 41. Rxh6 Rxc3 42. Rd6+ Ke4 43. e6 Rc8 44. e7 Re8 45. Rd7 1-0

[Event "SVK-ch U16"]
[Site "Liptovsky Mikulas"]
[Date "2019.04.30"]
[Round "9"]
[White "Devera, Simon"]
[Black "Kostelansky, Karol"]
[Result "1-0"]
[WhiteElo "1661"]
[BlackElo "1720"]
[PlyCount "170"]
[EventDate "2019.04.23"]
[EventType "swiss"]
[EventRounds "9"]
[EventCountry "SVK"]
[SourceTitle "CBM 190 Extra"]
[Source "ChessBase"]
[SourceDate "2019.07.15"]
[SourceVersion "1"]
[SourceVersionDate "2019.07.15"]
[SourceQuality "1"]

1. d4 d5 2. Nf3 Nf6 3. e3 Bg4 4. Bd3 e6 5. 0-0 c5 6. c3 Nbd7 7. Nbd2 Be7 8. e4 dxe4 9. Nxe4 cxd4 10. cxd4 0-0 11. Be3 Rc8 12. Ng3 Nh5 13. Qd2 Bxf3 14. gxf3 Nxg3 15. hxg3 Nb6 16. Kg2 f5 17. Rh1 Bf6 18. Be2 Nc4 19. Bxc4 Rxc4 20. b3 Rc8 21. Rac1 b6 22. Qb4 Qe7 23. Qb5 Qd6 24. Qa4 Qe7 25. Qb5 Rfd8 26. Rc4 Rxc4 27. Qxc4 Qd7 28. Rc1 Kf8 29. Qa6 Qe7 30. Rc4 Kf7 31. Ra4 Rd7 32. Rc4 Rd8 33. a4 Rd7 34. Qb5 Rc7 35. a5 Qd7 36. axb6 axb6 37. Qxb6 Rb7 38. Qa5 Bd8 39. Qc3 Qb5 40. b4 Be7 41. Bd2 Bd6 42. Qb3 Ke7 43. Rc2 Qb6 44. Bc3 Kd7 45. Re2 Be7 46. d5 e5 47. Bxe5 g6 48. Bc3 Qb5 49. Rb2 Qd3 50. b5 Bc5 51. Be5 Qxb3 52. Rxb3 Bd6 53. f4 Be7 54. f3 Bc5 55. g4 Bd6 56. Kg3 Be7 57. Rb1 Bd8 58. d6 Ke6 59. gxf5+ gxf5 60. Rh1 Rf7 61. Rh6+ Kd5 62. Rh1 Kc5 63. Rd1 Kxb5 64. d7 Kc6 65. Rd6+ Kc5 66. Kf2 Kc4 67. Bb2 Kc5 68. Ba3+ Kc4 69. Ke3 Re7+ 70. Kf2 Rf7 71. Rd1 Rg7 72. Bf8 Rf7 73. Bh6 Kc5 74. Bg5 Rf8 75. Bxd8 Rxd8 76. Kg3 Kc6 77. Kh4 Rxd7 78. Rxd7 Kxd7 79. Kg5 Ke6 80. Kh6 Kf6 81. Kxh7 Kf7 82. Kh6 Kf6 83. Kh5 Kf7 84. Kg5 Kg7 85. Kxf5 Kf8 1-0

[Event "SVK-ch U16"]
[Site "Liptovsky Mikulas"]
[Date "2019.04.26"]
[Round "5"]
[White "Zdrazil, Patrik"]
[Black "Devera, Simon"]
[Result "1/2-1/2"]
[WhiteElo "1574"]
[BlackElo "1661"]
[PlyCount "61"]
[EventDate "2019.04.23"]
[EventType "swiss"]
[EventRounds "9"]
[EventCountry "SVK"]
[SourceTitle "CBM 190 Extra"]
[Source "ChessBase"]
[SourceDate "2019.07.15"]
[SourceVersion "1"]
[SourceVersionDate "2019.07.15"]
[SourceQuality "1"]

1. e4 c5 2. Nf3 Nc6 3. d4 cxd4 4. Nxd4 Nf6 5. Nc3 e5 6. Ndb5 d6 7. Bg5 a6 8. Na3 Be7 9. Bxf6 Bxf6 10. Nc4 Nd4 11. Nd5 0-0 12. c3 Nc6 13. Ndb6 Rb8 14. Qxd6 Qxd6 15. Nxd6 Be6 16. Bc4 Bxc4 17. Ndxc4 Rfd8 18. Nd5 Bg5 19. Nce3 g6 20. Ke2 Ne7 21. Nxe7+ Bxe7 22. Rhd1 b5 23. Rxd8+ Rxd8 24. Rd1 Kf8 25. Rxd8+ Bxd8 26. Kd3 Ke7 27. b3 Kd6 28. f3 h5 29. Ke2 Kc5 30. Kd3 Kd6 31. Ke2 1/2-1/2

[Event "SVK-ch U16"]
[Site "Liptovsky Mikulas"]
[Date "2019.04.24"]
[Round "3"]
[White "Kossuth, Tomas"]
[Black "Devera, Simon"]
[Result "0-1"]
[WhiteElo "1563"]
[BlackElo "1661"]
[PlyCount "112"]
[EventDate "2019.04.23"]
[EventType "swiss"]
[EventRounds "9"]
[EventCountry "SVK"]
[SourceTitle "CBM 190 Extra"]
[Source "ChessBase"]
[SourceDate "2019.07.15"]
[SourceVersion "1"]
[SourceVersionDate "2019.07.15"]
[SourceQuality "1"]

1. e4 c5 2. Nf3 Nc6 3. d4 cxd4 4. Nxd4 Nf6 5. Nc3 e5 6. Ndb5 d6 7. Bg5 Be7 8. Bxf6 gxf6 9. Nd5 Qa5+ 10. c3 0-0 11. b4 Qd8 12. Be2 a6 13. Na3 f5 14. exf5 Bxf5 15. 0-0 Bg6 16. Nc4 Bg5 17. Ndb6 Rb8 18. Qxd6 Qxd6 19. Nxd6 Bd2 20. Nd7 Bxc3 21. Nxb8 Rxb8 22. b5 Nd4 23. Rae1 Bxe1 24. Rxe1 axb5 25. Nxb5 Ra8 26. Nxd4 exd4 27. Bc4 Rc8 28. Bb3 Kg7 29. Rd1 Bc2 30. Bxc2 Rxc2 31. Kf1 Rc4 32. Ke2 Ra4 33. Rd2 Kf6 34. Kd3 Ke5 35. Rc2 Ra3+ 36. Kc4 d3 37. Rd2 Ke4 38. Kb4 Ra6 39. Kc3 Rc6+ 40. Kb3 Kd4 41. Kb2 Rb6+ 42. Kc1 Kc3 43. Rd1 Ra6 44. Rd2 b5 45. Rb2 Kc4 46. Kd2 Re6 47. Kd1 Rg6 48. g3 Rh6 49. h4 Rf6 50. Kc1 Rf3 51. Kd1 f5 52. h5 f4 53. g4 Rh3 54. Kc1 Rh1+ 55. Kd2 Rf1 56. f3 Rxf3 0-1

[Event "SVK-ch U16"]
[Site "Liptovsky Mikulas"]
[Date "2019.04.23"]
[Round "1"]
[White "Gyerpal, Adrian"]
[Black "Devera, Simon"]
[Result "1-0"]
[WhiteElo "2040"]
[BlackElo "1661"]
[PlyCount "85"]
[EventDate "2019.04.23"]
[EventType "swiss"]
[EventRounds "9"]
[EventCountry "SVK"]
[SourceTitle "CBM 190 Extra"]
[Source "ChessBase"]
[SourceDate "2019.07.15"]
[SourceVersion "1"]
[SourceVersionDate "2019.07.15"]
[SourceQuality "1"]

1. d4 d5 2. c4 e6 3. Nf3 Nf6 4. g3 Bd7 5. Bg2 Bb4+ 6. Bd2 Bxd2+ 7. Nbxd2 0-0 8. 0-0 Nc6 9. Qc2 Qe7 10. a3 dxc4 11. Nxc4 Nd5 12. e4 Nb6 13. Ne3 Rac8 14. Rfe1 Nd8 15. Rac1 c6 16. h4 f6 17. Red1 Nf7 18. Qc5 Qe8 19. b3 Qd8 20. a4 a6 21. a5 Na8 22. Nc4 Re8 23. Qb4 Rb8 24. d5 exd5 25. exd5 cxd5 26. Rxd5 Qe7 27. Qxe7 Rxe7 28. Rd2 Bc6 29. Rcd1 Nc7 30. Nd4 Bxg2 31. Kxg2 Ne6 32. Re2 Rbe8 33. Rde1 Ne5 34. Nf5 Rd7 35. Nxe5 fxe5 36. Rxe5 Kf7 37. Ne3 Nc7 38. Nc4 Kf8 39. Rf5+ Kg8 40. Rxe8+ Nxe8 41. Rc5 Nf6 42. Rc8+ Kf7 43. Ne5+ 1-0

[Event "SVK-ch U14"]
[Site "Liptovsky Mikulas"]
[Date "2018.04.24"]
[Round "6"]
[White "Kossuth, Tomas"]
[Black "Devera, Simon"]
[Result "0-1"]
[WhiteElo "1441"]
[BlackElo "1544"]
[PlyCount "74"]
[EventDate "2018.04.21"]
[EventType "swiss"]
[EventRounds "9"]
[EventCountry "SVK"]
[SourceTitle "CBM 184 Extra"]
[Source "ChessBase"]
[SourceDate "2018.06.28"]
[SourceVersion "1"]
[SourceVersionDate "2018.06.28"]
[SourceQuality "1"]

1. e4 c5 2. Nf3 Nc6 3. d4 cxd4 4. Nxd4 Nf6 5. Nc3 e5 6. Ndb5 d6 7. Bg5 a6 8. Na3 b5 9. Nd5 Be7 10. Bxf6 Bxf6 11. c3 0-0 12. Nc2 Bg5 13. Nce3 Ne7 14. Be2 Bxe3 15. Nxe3 f5 16. exf5 Bxf5 17. 0-0 Be6 18. Bg4 Bxg4 19. Qxg4 Ng6 20. Rad1 Nf4 21. g3 h5 22. Qh4 g5 23. Rxd6 gxh4 24. Rxd8 Ne2+ 25. Kg2 Raxd8 26. gxh4 Nf4+ 27. Kg3 Rd2 28. c4 Rxb2 29. cxb5 axb5 30. Nd1 Rxa2 31. Nc3 Ra3 32. f3 Rxc3 33. Re1 Rc2 34. Rg1 Ne2+ 35. Kf2+ Nxg1+ 36. Kxg1 Ra8 37. h3 Ra1# 0-1